00949 2200325 4500001002100000005001500021035002000036007000300056008004100059020002200100082001600122084001800138100002500156245007700181250002900258300003700287650002600324504003100350264003800381336002100419337003000440338002300470040002200493090002200515090002200537850001200559041000800571999002200579990002200601INLIS00000000084965720190717014339 a0010-0719000658ta190717s2018 yoia g | ind d a978-602-5474-47-704223a342.082 a342.082 MUN p0 aMunthowifePengarang10aPenerapan penegakan hukum terhadap orang asing di Indonesia /cMunthowif aCetakan I: Februari 2018 aix, 68 halaman :btabel ;c21 cm 4aImigrasi dan emigrasi aBibliografi: halaman 67-68 aYogyakarta :bPohon Cahaya,c2018 2rdacontentateks 2rdamediaatanpa perantara 2rdacarrieravolume aYOPDYOGbinderda aDEP 342.082 MUN p aCB-D.11 2018-3117 aYOPDYOG0 aind aCB-D.11/2018-3117 aCB-D.11/2018-3117